| 000 | 00433cam a2200181ua 4500 | ||
|---|---|---|---|
| 001 | 5378 | ||
| 008 | 150213n ii |||gr||||Z||||||eng | ||
| 040 | _cMAIN | ||
| 041 | _aeng | ||
| 082 | _a823 | ||
| 100 |
_aCharles and Mary Lamb, _eAuthor, |
||
| 245 |
_aTales from Shakespeare _cCharles and Mary Lamb |
||
| 250 | _a1st. | ||
| 260 |
_aCalcutta: _bAVPD, _c1999. |
||
| 300 |
_a280p: _c23cm. |
||
| 653 | _aEnglish fiction | ||
| 942 | _cBK | ||
| 999 |
_c4559 _d4559 |
||